000 003630000a22001210004500
005 20250903143918.0
082 _a582.160 954 STE
100 _aBrandis, Dietrich
245 _aIllustrations of the forest flora of north west and central India
260 _aDehradun, Bishen singh Mahendra Pal singh
_c1972
650 _aFlora- Forest / Forest- Flora
942 _cBK
999 _c366590
_d366590